000 00220 a2200097 4500
001 35037
100 _aRAI G D
245 _aSolar Energy Utilization Non-conventional
260 _aND
_bBPB Pub
_c
090 _c23185
_d23185
942 _aNUST-CAE
_cM
_c14653
999 _c270110
_d270110